| 000 | 00531nam a2200217Ia 4500 | ||
|---|---|---|---|
| 008 | 170918s9999 xx 000 0 und d | ||
| 020 | _a9780439560511 | ||
| 050 | _bH551 2004 | ||
| 100 | _aHerman, Gail | ||
| 245 | _aColor day relay / | ||
| 245 | _cGail Herman ; illustrated by Hope Gangloff. | ||
| 260 | _aNew York : | ||
| 260 | _bScholastic, | ||
| 260 | _c2004 | ||
| 300 | _a83 pages : | ||
| 300 | _bcolored illustration ; | ||
| 300 | _c19cm. | ||
| 440 | _aThe magic school bus ; | ||
| 440 | _v19 | ||
| 500 | _a570 | ||
| 999 |
_c341626 _d341626 |
||